| 000 | 02202nam2a22003011 4500 | ||
|---|---|---|---|
| 001 | v19\rc\1269262 | ||
| 005 | 20250618023306.0 | ||
| 035 | _a(NLR Aleph) 004452165 | ||
| 090 |
_a4478271 _c4478271 |
||
| 100 | _a20060306d1896 |||y0rusy50 ca | ||
| 101 | 0 | _arus | |
| 102 | _aRU | ||
| 105 | _ay c |||a| | ||
| 200 | 1 |
_aЧтения о Новом завете _aПалестинские вечера в Рязани _aКраткий исторический очерк нравственности _aКак жить по указанию Псалмов _aНерукотворенный образ всемилостивейшего Спаса и поклонение ему _aСовет господа нашего Иисуса Христа и его завещание _aО св. Василии, епископе Рязанском _aСв. князь Рязанский - великомученик Роман Ольгович _aРазные статьи религиозно-нравственного содержания |
|
| 210 |
_d1896 _aБ. м. |
||
| 215 | _a[2], IV, 382 с. | ||
| 461 | 0 |
_1001v19\rc\1269251 _12001#$aСочинения Иустина, епископа Рязанского и Зарайского$eТ. 1-12$vТ. 11$90 _1700#0$3RU\NLR\AUTH\7711855$7ca$aИустин$cПолянский, Михаил Евграфович$cепископ$f1832-1903 _95232379 _aИустин (Полянский, Михаил Евграфович ; 1832-1903) _cМосква _d1895-1897 _nтипо-лит. т-ва И.Н. Кушнерев и К⁰ _oТ. 1-12 _p12 т. _tСочинения Иустина, епископа Рязанского и Зарайского _vТ. 11$90 |
|
| 532 | 1 | 2 | _aО святом Василии, епископе Рязанском |
| 532 | 1 | 2 | _aСвятой князь Рязанский - великомученик Роман Ольгович |
| 702 | 0 |
_aИисус Христос _4570 |
|
| 702 | 0 |
_aВасилий _cсв. еп. Рязанский и Муромский _f-1360 _4570 |
|
| 702 | 0 |
_aРоман Ольгович _4570 |
|
| 801 | 0 |
_aRU _bNLR _gpsbo |
|
| 801 | 1 |
_aRU _bProSoft-M _2rusmarc |
|
| 852 |
_aNLR _j18.179.4.31 |
||
| 942 | _cBOOK | ||
| 980 | _aNB | ||